The new encyclopedia of golf

Bibliographic Details
Main Author: Campbell Malcolm
Format: Book
Published: London : Dorling Kindersley limited , 2001
Subjects:

MARC

LEADER 00000cam a2200000 7i4500
001 0000011375
005 20030819.0
020 |a 0751327905 
040 |a INS 
090 0 0 |a GV970.   |b C1501 
100 1 |a Campbell Malcolm 
245 1 0 |a The new encyclopedia of golf 
260 |a London :   |b Dorling Kindersley limited ,   |c 2001 
300 |a 384p :   |b 29cm 
650 0 0 |a Golf   |x encyclopedias 
999 |a 0000010840   |b BOOK   |c Open Shelf   |e Default branch